| 000 | 01964cam a22003494a 4500 | ||
|---|---|---|---|
| 001 | 16657062 | ||
| 003 | OSt | ||
| 005 | 20180117085950.0 | ||
| 008 | 110217s2011 caua b 001 0 eng | ||
| 010 | _a 2011006872 | ||
| 020 | _a9788132106340 (hard back) | ||
| 020 | _a8132106342 (hard back) | ||
| 035 | _a(OCoLC)ocn703623700 | ||
| 040 |
_aDLC _cDLC _dYDX _dYDXCP _dBWX _dDKAGE _dDLC |
||
| 042 | _apcc | ||
| 050 | 0 | 0 |
_aHM1211 _b.P38 2011 |
| 082 | 0 | 0 |
_a303.48/2 _222 |
| 100 | 1 | _aPatel, Fay. | |
| 245 | 1 | 0 |
_aIntercultural communication : _bbuilding a global community / _cFay Patel, Mingsheng Li, Prahalad Sooknanan. |
| 260 |
_aThousand Oaks, Calif. : _bSAGE, _c2011. |
||
| 300 |
_axxii, 201 p. : _bill. ; _c23 cm. |
||
| 504 | _aIncludes bibliographical references (p. 181-193) and index. | ||
| 505 | 0 | _aConcepts in intercultural communication -- Building a global community -- Overview of intercultural communication -- Exploring surface and deep levels of intercultural communication -- Global community engagement -- Education for the global citizen -- Intercultural communication in the global workplace -- Cultural perceptions on environment and global contexts -- Technology as cultural power and its social impact -- Critical issues in intercultural communication -- Intercultural communication in practice : challenges and barriers -- Critical perspectives in intercultural communication events -- Family -- Religion -- History -- Culture, gender, and race. | |
| 650 | 0 | _aIntercultural communication. | |
| 650 | 0 |
_aGlobalization _xSocial aspects. |
|
| 700 | 1 |
_aLi, Mingsheng, _d1957- |
|
| 700 | 1 | _aSooknanan, Prahalad. | |
| 906 |
_a7 _bcbc _corignew _d1 _eecip _f20 _gy-gencatlg |
||
| 942 |
_2ddc _cBK |
||
| 999 |
_c2845 _d2845 |
||